Brawl Star - Brawlers qui cassent les murs - Statistiques

Statistiques générales
  • Ce quiz a été pris 187 fois
    107 depuis la dernière actualisation
  • Le résultat moyen est 12 sur 21
Statistiques - réponses
Rareté Brawler % Correct
Premier Brawler Shelly
100%
Rare Bull
90%
Rare Colt
86%
Rare Brock
83%
Super rare Dynamike
81%
Rare El Costo
81%
Légendaire Chester
70%
Épique Frank
70%
Super rare Tick
67%
Épique Polly
66%
Mythique Tara
54%
Épique Bo
51%
Épique Stu
47%
Mythique Medor
43%
Mythique Djinn
41%
Épique Grom
41%
Épique Pearl
40%
Épique Griff
31%
Épique Nani
31%
Mythique Gray
24%
Mythique Moe
23%
Aucun quiz correspondant
Distribution des résultats
% des personnes avec chaque résultat
Percentile par nombre de réponses
Votre historique - résultats
Vous n’avez pas pris ce quiz depuis la dernière actualisation